Memoria elevada al gobierno de S.M. en 15 de septiembre de 1893 / (Record no. 153943)

MARC details
000 -LEADER
campo de control de longitud fija 00910nam a2200205 i 4500
001 - NÚMERO DE CONTROL
campo de control 153943
003 - IDENTIFICADOR DE NÚMERO DE CONTROL
campo de control ES-MaACL
005 - FECHA Y HORA DE LA ÚLTIMA TRANSACCIÓN
campo de control 20251013181150.0
008 - DATOS DE LONGITUD FIJA--INFORMACIÓN GENERAL
campo de control de longitud fija 980824s1893 sp |||| | spa d
040 ## - FUENTE DE CATALOGACIÓN
Centro catalogador/agencia de origen CLM
Lengua de catalogación spa
Centro/agencia transcriptor CLM
110 1# - ENTRADA PRINCIPAL--NOMBRE DE ENTIDAD CORPORATIVA
Nombre de entidad corporativa o nombre de jurisdicción como elemento de entrada España.
Unidad subordinada Tribunal Supremo.
-- Fiscalia.
9 (RLIN) 4005
245 10 - MENCIÓN DEL TÍTULO
Título Memoria elevada al gobierno de S.M. en 15 de septiembre de 1893 /
Mención de responsabilidad, etc. por Eduardo Martínez del Campo.
260 ## - PUBLICACIÓN, DISTRIBUCIÓN, ETC.
Lugar de publicación, distribución, etc. Madrid :
Nombre del editor, distribuidor, etc. [s.n.],
Fecha de publicación, distribución, etc. 1893 (
Fabricante Imprenta del Ministerio de Gracia y Justicia)
300 ## - DESCRIPCIÓN FÍSICA
Extensión 131 p., [10] h. pleg. ;
Dimensiones 25 cm.
610 04 - PUNTO DE ACCESO ADICIONAL DE MATERIA--NOMBRE DE ENTIDAD CORPORATIVA
Nombre de entidad corporativa o nombre de jurisdicción como elemento de entrada España.
Unidad subordinada Tribunal Supremo.
-- Fiscalia.
9 (RLIN) 4005
700 1# - ENTRADA AGREGADA--NOMBRE PERSONAL
Nombre de persona Martínez del Campo, Eduardo,
Fechas asociadas al nombre -1911
9 (RLIN) 129577
852 ## - LOCALIZACIÓN
Ubicación ES-MaACL
Número de control de estantería T-1244-F-8
Nota libre -- Enc. hol., conservando la cub. original
-- -- Enc. en un vol. facticio
852 ## - LOCALIZACIÓN
Ubicación ES-MaACL
Número de control de estantería T-1266-F-8
Nota libre -- Enc. hol., conservando la cub. original
-- -- Enc. en un vol. facticio
Holdings
Estatus retirado Estado de pérdida Estado de daño No para préstamo Colección Biblioteca de origen Biblioteca actual Ubicación en estantería Fecha de adquisición Total de préstamos Signatura topográfica completa Código de barras Visto por última vez Precio de reemplazo Tipo de ítem Koha
        Colección de folletos Biblioteca del Ateneo de Madrid Biblioteca del Ateneo de Madrid Depósito folletos 17/01/2008   T-1266-F-8 1160952 23/02/2023 23/02/2023 Folleto
        Colección de folletos Biblioteca del Ateneo de Madrid Biblioteca del Ateneo de Madrid Depósito folletos 17/01/2008   T-1244-F-8 1160951 23/02/2023 23/02/2023 Folleto